SYMBOLE WARSZAWY: - Statystyki

Ogólne statystyki
  • Ten quiz został rozwiązany 68 razy
  • Średni wynik to 3 z 6
Statystyki odpowiedzi
Odpowiedź % Poprawnych
SYRENKA
96%
PAŁAC KULTURY I NAUKI
67%
ŁAZIENKI
36%
ZAMEK KRÓLEWSKI
31%
KOLUMNA ZYGMUNTA
25%
BELWEDER
15%
Nie znaleziono quizów pasujących do podanych kryteriów
Rozkład punktacji
Procent ludzi z każdym wynikiem
Percentyl według liczby udzielonych odpowiedzi
Twoja historia wyników
Nie rozwiązałeś tego quizu